Key Questions in Obstetrics and Gynaecology (Record no. 154782)

MARC details
000 -LEADER
fixed length control field 00419nam a2200145Ia 4500
008 - FIXED-LENGTH DATA ELEMENTS--GENERAL INFORMATION
fixed length control field 230411s9999 xx 000 0 und d
020 ## - INTERNATIONAL STANDARD BOOK NUMBER
International Standard Book Number 1-872748-73-2
041 ## - LANGUAGE CODE
Language code of text/sound track or separate title eng
082 ## - DEWEY DECIMAL CLASSIFICATION NUMBER
Classification number OG/618.2007/SLA/LAI/B04008
100 ## - MAIN ENTRY--PERSONAL NAME
Personal name Baynon G Slade R & Laird E
9 (RLIN) 178076
245 ## - TITLE STATEMENT
Title Key Questions in Obstetrics and Gynaecology
260 ## - PUBLICATION, DISTRIBUTION, ETC. (IMPRINT)
Name of publisher, distributor, etc. BIOS Scientific Publishers
Place of publication, distribution, etc. London
Date of publication, distribution, etc. 1994
300 ## - PHYSICAL DESCRIPTION
Extent 141p
Holdings
Withdrawn status Lost status Damaged status Not for loan Collection code Home library Current library Date acquired Vendor Cost, normal purchase price Total Checkouts Full call number Barcode Date last seen Cost, replacement price Bill Date Koha item type Original Barcode
        Gynecology Smt. Bakul Tambat Institute of Nursing Education Smt. Bakul Tambat Institute of Nursing Education 22/03/2007 British Library 50.00   OG 618.2007 SLA LAI B04008 BTIN-BK-4008 11/04/2023 50.00 22/03/2007 Books B04008